📖 150 premiers mots "Nous étions les hommes" Legardinier - Statistiques

Statistiques générales
  • Ce quiz a Ă©tĂ© pris 16 fois
  • Le rĂ©sultat moyen est 88 sur 150
Statistiques - réponses
Mots % Correct
C'
100%
de
100%
des
100%
elle
100%
Elle
100%
Il
100%
l'
100%
La
100%
la
100%
le
100%
Le
100%
les
100%
n'
100%
pour
100%
que
100%
qui
100%
s'
100%
se
100%
Ă 
92%
avait
92%
était
92%
mais
92%
ne
92%
pas
92%
pas,
92%
un
92%
au
85%
du
85%
femme
85%
peu
85%
sa
85%
tout
85%
y
85%
aux
77%
cet
77%
comme
77%
dans
77%
en
77%
En
77%
plus
77%
quoi
77%
avant
69%
avoir
69%
faisait
69%
froid.
69%
jeune
69%
lui
69%
autre.
62%
jours,
62%
nuit,
62%
cela
54%
sous
54%
trois
54%
dernière
46%
Eileen
46%
heures
46%
présent
46%
avançait
38%
Depuis
38%
entre
38%
moins
38%
trop
38%
attendu
31%
instant.
31%
peur
31%
sortir,
31%
venait
31%
glissa
23%
vent.
23%
chance.
15%
choix.
15%
endroit
15%
sol
15%
survivre,
15%
arrivant
8%
assauts
8%
cachette,
8%
couloir ...
8%
Dehors,
8%
détestait
8%
devait
8%
faim.
8%
porte
8%
trouvait
8%
vieux
8%
accès
0%
animal,
0%
bâtiments
0%
battait
0%
carapaces
0%
dévastés
0%
emparer
0%
éventrés.
0%
grinçaient
0%
jonché
0%
mine.
0%
nourriture,
0%
ouvrait
0%
paquets
0%
préoccupait
0%
puits
0%
ramasser
0%
rayonnages
0%
réserve.
0%
respiration.
0%
retenant
0%
sang
0%
secours
0%
tempes.
0%
Terrée
0%
tĂ´le
0%
trousseau
0%
Aucun quiz correspondant
Distribution des résultats
% des personnes avec chaque résultat
Percentile par nombre de réponses
Votre historique - résultats
Vous n’avez pas pris ce quiz